000 00715nam a2200265Ia 4500
005 20260302114137.0
008 008 260114s9999 xx 000 0 eng d
020 _a9781350168152
037 _aTextbook
040 _aCRL
040 _beng
040 _cCRL
041 _2eng
041 _aeng
084 _qCRL
100 _aSarah Flavel and Chiara Robbiano
_91117886
245 0 _aKey Concepts in World Philosophies A Toolkit for Philosophers
260 _bBloomsbury
260 _bBloomsbury Academic
260 _c2023
650 _aPhilosophy
856 _uhttps://doi.org/10.5040/9781350168152?locatt=label:secondary_bloomsburyCollections
942 _cEBOOK
999 _c1681496
_d1681496